| 000 | 00534nam a2200169Ia 4500 | ||
|---|---|---|---|
| 005 | 20250423095815.0 | ||
| 008 | 250422s9999 xx 000 0 und d | ||
| 020 | _a9789354640506 | ||
| 050 | _aQA 76.9.D343 .M34/ | ||
| 100 | _aMatheswari, Uma B. | ||
| 245 | 0 | _aIntroduction to data science: practical approach with R and Python | |
| 260 | _aNew Delhi | ||
| 260 | _bWiley India Private Ltd. | ||
| 260 | _c2021 | ||
| 650 | _aData Science Data mining. R (Computer program language) Python (Computer program language) | ||
| 942 | _cBK | ||
| 999 |
_c31392 _d31392 |
||